zpět

Detail výsledku týmu

R.A.M., Jablonec nad Nisou

Datum a čas kvízu

34 Celkem bodů Celkový počet nahraných bodů na tomto kvízu bez doplňovacích otázek.
11. Pořadí na kvízu Konečné umístění týmu na tomto kvízu.

Zaznamenané odpovědi

# Otázka Odpověď Body Výsledky
1. Jak se nazývá americká společn... Westinghouse 0
2. K bezprecedentnímu kroku se od... už nenabízí alkohol 0
3. Cenu Czech Press Photo za rok... D) v budově soudu 1
4. V pondělí byl slavnostně otevř... v Otrokovicích 0
5. Který sportovec, muž narozený... Ladislav Krejčí 0
6. Ve třetím díle cestovatelského... z Janských Lázní 1
7. Stále větší oblibě cestovatelů... portugalština 1
8. Ve kterém americkém městě může... v Los Angeles 1
9. S písmenem M se vracíme do Čes... v Moravském Krumlově 1
10. Ve kterém století byl vybudová... v 19. století 0